LEADER 01222nam a2200229 i 4500 001 000000346212 003 CaOOAMICUS 005 20210525103335.0 008 210525s1882 it u000 u lat u 040 $aSeMil$bita 100 1 $aGury, Jean-Pierre,$c.$0(OLS)http://semarc/name/12135 245 10$aCompendium theologiae moralis P. Ioannis Petri Gury /$cab auctore recognitum et Antonii Ballerini ... adnotationibus locupletatum. 250 $aEd. 7., novis curis expolitior et auctior praesertim responsionibus ad vindicias alphonsianas 264 1$aRomae :$bEx Typographia Polyglotta,$c1882. 300 $a2 v. ;$c24 cm. 650 4$aTeologia morale.$0(OLS)http://semarc/subject/91 700 1 $aBallerini, Antonio,$d<1805-1881>.$0(OLS)http://semarc/name/7388 774 0 $aGury, Jean-Pierre $tTomus primus.$dRomae : Ex Typographia Polyglotta, 1882.$w()346213 774 0 $aGury, Jean-Pierre $tTomus secundus.$dRomae : Ex Typographia Polyglotta, 1882.$w()346214 996 $6245$aCompendium theologiae moralis P. Ioannis Petri Gury$9(OLS)http://semarc/title/37475 996 $6264$aRomae :$bEx Typographia Polyglotta$9(OLS)http://semarc/publisher/29969 LEADER 01254nam a2200253 i 4500 001 000000082706 003 CaOOAMICUS 005 20240712103820.0 008 161220s1982 it u000 u ita u 040 $aSeMil$bita 100 1 $aSerenthà, Luigi,$c.$0(OLS)http://semarc/name/10583 245 13$aLa direzione spirituale oggi :$batti della Quattro giorni assistenti del l'A.C. di Milano /$cL. Serenthà, G. Moioli, R. Corti ; a cura di Antonietta Cargnel. 264 1$aMilano :$bÀncora,$c1982. 300 $a109 p. ;$c19 cm. 500 $aFondo Serenthà don Luigi. 650 4$aDirezione spirituale.$0(OLS)http://semarc/subject/2829 700 1 $aCargnel, Antonietta.$0(OLS)http://semarc/name/20247 700 1 $aMoioli, Giovanni,$d<1931-1984>.$0(OLS)http://semarc/name/511 700 1 $aCorti, Renato,$c.$0(OLS)http://semarc/name/16279 850 $aSeMil 852 $aSeMil$W1$xVenegono$y1$m2C II 750$j249276$B47534$CSeMilBibl$Z2$F50305 $81 996 $6245$aLa direzione spirituale oggi :$batti della Quattro giorni assistenti del l'A.C. di Milano$9(OLS)http://semarc/title/129920 996 $6264$aMilano :$bÀncora$9(OLS)http://semarc/publisher/29763